000 02403nam a22003497a 4500
001 103208
003 KnowledgeUnlatched
005 20210303105022.0
006 m o d
007 cr u||||||||||
008 210129p20112019xx o u00| u eng d
037 _5BiblioBoard
245 0 0 _aMichel Foucault et le christianisme
_cPhilippe Chevallier.
020 _a9782847883251
029 1 _ahttps://library.biblioboard.com/ext/api/media/0b6fc51f-2f14-4064-8283-d7efc774f2ba/assets/thumbnail.jpg
040 _aScCtBLL
_cScCtBLL
100 1 _aChevallier, Philippe
_eauthor.
264 1 _bENS Éditions,
300 _a1 online resource (1 p.)
506 0 _aAccess copy available to the general public.
_fUnrestricted
_2star
520 _aDes premiers rites baptismaux à la confession moderne, les références au christianisme sont constantes dans l'œuvre de Michel Foucault. Cette constance s'inscrit dans un questionnement philosophique plus large sur notre actualité : comprendre le rapport que nous avons aujourd'hui à nous-mêmes demande de s'interroger sur les actes de vérité que l'Occident a instaurés depuis les premiers siècles chrétiens. Que faut-il dire et manifester de soi pour être transformé dans son être, pardonné, sauvé, jugé ou guéri ? Ce livre propose une étude critique de l'ensemble des lectures chrétiennes de Foucault, avec une attention particulière portée au cours Du gouvernement des vivants (1979-1980). Ni chronologique ni thématique, le parcours suivi espère retrouver la logique d'un travail à la fois philosophique et historique : quand et comment le christianisme a-t-il été constitué par Foucault en objet de recherche, avec quelles pratiques de lecture et quelles conséquences sur l'interprétation ?
588 0 _aDescription based on print version record.
590 _aOpenEdition Books Select 2018: HSS Backlist Books
650 7 _aPhilosophy
_2bisacsh
650 0 _aPhilosophy
655 0 _aElectronic books.
758 _iIs found in:
_aKnowledge Unlatched
_1https://openresearchlibrary.org/module/2774bc74-146a-484f-a7ba-ab1d6a09bbfb
856 4 0 _uhttps://openresearchlibrary.org/content/0b6fc51f-2f14-4064-8283-d7efc774f2ba
_zView this content on Open Research Library.
_70
999 _c33277
_d33277